<?xml version="1.0" encoding="UTF-8"?><?xml-stylesheet type="text/xsl" href="static/style.xsl"?><OAI-PMH xmlns="http://www.openarchives.org/OAI/2.0/" xmlns:xsi="http://www.w3.org/2001/XMLSchema-instance" xsi:schemaLocation="http://www.openarchives.org/OAI/2.0/ http://www.openarchives.org/OAI/2.0/OAI-PMH.xsd"><responseDate>2026-06-04T06:31:20Z</responseDate><request verb="GetRecord" identifier="oai:recam.amb.cat:20.500.14439/1228" metadataPrefix="marc">https://recam.amb.cat/rest/oai/request</request><GetRecord><record><header><identifier>oai:recam.amb.cat:20.500.14439/1228</identifier><datestamp>2025-05-21T10:07:05Z</datestamp><setSpec>com_20.500.14439_2676</setSpec><setSpec>com_20.500.14439_126</setSpec><setSpec>col_20.500.14439_4343</setSpec></header><metadata><record xmlns="http://www.loc.gov/MARC21/slim" xmlns:dcterms="http://purl.org/dc/terms/" xmlns:xsi="http://www.w3.org/2001/XMLSchema-instance" xmlns:doc="http://www.lyncode.com/xoai" xsi:schemaLocation="http://www.loc.gov/MARC21/slim http://www.loc.gov/standards/marcxml/schema/MARC21slim.xsd">
   <leader>00925njm 22002777a 4500</leader>
   <datafield ind2=" " ind1=" " tag="042">
      <subfield code="a">dc</subfield>
   </datafield>
   <datafield ind2=" " ind1=" " tag="720">
      <subfield code="a">Centre Mediambiental l'Arrel
</subfield>
      <subfield code="e">author</subfield>
   </datafield>
   <datafield ind2=" " ind1=" " tag="260">
      <subfield code="c">2015-01-01</subfield>
   </datafield>
   <datafield ind2=" " ind1=" " tag="520">
      <subfield code="a">El parc de Can Mercader presenta uns valors botànics, històrics i patrimonials que el fan singular dins de la Xarxa de Parcs Metropolitans. El llac i els jardins amb glorietes i miradors ocupen l'espai d'antigues feixes de conreu, i a la part central del parc s'ha mantingut l'estructura de terrasses i jardins que inclou dues peces emblemàtiques: el Palau Mercader i la plataneda. L'itinerari botànic que teniu a les mans és una eina que us ajudarà a la descoberta del parc i a conèixer i entendre la diversitat d'espècies vegetals de gran valor botànic i patrimonial que hi habiten, algunes de les quals han estat catalogades per l'Ajuntament de Cornellà com a arbres d'interès local: els plàtans, les washingtònies i l'acàcia de tres punxes. L'itinerari conté 25 fitxes explicatives de les espècies més destacades del parc, on s'hi pot trobar la descripció, l'origen, l'ús i la singularitat.</subfield>
   </datafield>
   <datafield ind1="8" ind2=" " tag="024">
      <subfield code="a">https://hdl.handle.net/20.500.14439/1228</subfield>
   </datafield>
   <datafield ind1="8" ind2=" " tag="024">
      <subfield code="a">2036548</subfield>
   </datafield>
   <datafield ind1="8" ind2=" " tag="024">
      <subfield code="a">B 12867-2015</subfield>
   </datafield>
   <datafield tag="653" ind2=" " ind1=" ">
      <subfield code="a">Parcs</subfield>
   </datafield>
   <datafield tag="653" ind2=" " ind1=" ">
      <subfield code="a">Vegetació</subfield>
   </datafield>
   <datafield tag="653" ind2=" " ind1=" ">
      <subfield code="a">Arbres</subfield>
   </datafield>
   <datafield tag="653" ind2=" " ind1=" ">
      <subfield code="a">Educació ambiental</subfield>
   </datafield>
   <datafield ind2="0" ind1="0" tag="245">
      <subfield code="a">Itinerari botànic del parc de Can Mercader</subfield>
   </datafield>
</record></metadata></record></GetRecord></OAI-PMH>